| 000 | 00559nam a22002051c 4500 | ||
|---|---|---|---|
| 001 | 00168809885 | ||
| 008 | 060428s2003 gw |||| 000u ger d | ||
| 020 |
_a3895411620 _93-89541-162-0 |
||
| 041 | _ager | ||
| 100 | 1 | _aThadden, Rudolf von | |
| 245 | 0 | 0 |
_aBrückenwege nach Europa : _bAufsätze und Essays / _cRudolf von Thadden |
| 264 |
_aBerlin : _bSchelzky & Jeep, _c2003 |
||
| 300 | _a320 S. : 21 cm | ||
| 650 | 0 | _aPolitische Identität | |
| 651 | 0 | _aDeutschland | |
| 651 | 0 | _aFrankreich | |
| 942 | _cMG | ||
| 040 | _cRU-10907106 | ||
| 003 | RU-10907106 | ||
| 999 |
_c9971 _d9971 |
||